000
00327nam a2200157Ia 4500
100
_a
Stallings/ William
250
_a
2
942
_c
RB
654
_a
Computer
245
_a
SNMP SNMPV2 2nd RMON
260
_b
Addison Wesley Pub
_a
NONE
_c
1996
082
_a
4.62
_b
STA
300
_a
478
546
_a
ENGLISH
999
_c
31456
_d
31456